000 01073nam a2200205Ia 4500
005 20250413170848.0
008 240822s9999 xx 000 0 und d
020 _a9780367493714
_qhbk
041 _aeng
082 _a305.409172
_bLEC
100 _a Lechman, Ewa
245 0 _aTechnology and women's empowerment
_c/ Ewa Lechman
250 _a1st ed.
260 _bRoutledge
_cc2021
_aNew York
300 _axxx, 248 p.
_c23 cm.
504 _aindex
520 _aThe near-ubiquitous spread of ICT offers unprecedented opportunities for social and economic agents, reshapes social and economic structures and drives the emergence of socio-economic networks. This book contributes to the growing body of literature and present state of knowledge, offering the reader broad evidence on how new information and communication technologies impact women's economic and social empowerment and hence have an impact on overall welfare creation.
650 _aWomen Developing countries; Social conditions Women Economic conditions; Women Social conditions
942 _cENGLISH
999 _c529122
_d529122